| 000 | 00677cam a22002051a 4500 | ||
|---|---|---|---|
| 001 | f 01002948 | ||
| 003 | DLC | ||
| 005 | 20260227111245.0 | ||
| 008 | 820323s1871 be 000 0dfre | ||
| 010 | _af 01002948 | ||
| 040 |
_aDLC _cDLC _dDLC |
||
| 043 | _ae-fr--- | ||
| 050 | 0 | 0 |
_aDC342.8.R7 _bA3 |
| 100 | 1 |
_aFonvielle, W. de _q(Wilfrid), _d1824-1914. |
|
| 245 | 1 | 4 |
_aLes dernières causeries de H. Rochefort annotées, commentées et réfutées / _cpar W. de Fonvielle. |
| 260 |
_aBruxelles : _b"Petit journal", _c1871. |
||
| 300 |
_a2 prelim. leaves, [3]-170 p. ; _c22 cm. |
||
| 600 | 1 | 0 |
_aRochefort, Henri, _d1831-1913. |
| 651 | 0 |
_aParis (France) _xHistory _yCommune, 1871. |
|
| 999 |
_c22961 _d22961 |
||